00604nam a2200193Ia 4500008004100000020001800041082001600059100002300075245002900098250000700127260004700134300002300181500001900204600001500223650001500238942000700253952013300260999001700393240925s9999 xx 000 0 und d a9789834710545 a658.007 AHM aAhmad, Sarah Sabir 0aOrganizational Behaviour aNA aNew York:bOxford University Pressc,2013. a486p.b0fOriginal aIncludes Index aManagement aManagement cBK 001040708MANaUITUbUITUd2019-01-28eRoyal Book Companyg350.00l0o658.007 AHMpQ14161r2024-09-25 07:17:12w2024-09-25yBK c16660d16660